Music Quiz

Random Music or Bands Quiz
Score 0/50 Timer 10:00
0 Plays Today
Rank Band % Correct
1.The Beatles
93.5%
2.Pink Floyd
90.7%
5.Led Zeppelin
89%
3.The Who
88.6%
4.Rolling Stones
88.3%
17.Aerosmith
73%
12.AC|DC
72.4%
11.Fleetwood Mac
67.3%
48.The Police
65.9%
6.Eagles
64.4%
20. Van Halen
64.4%
15. Def Leppard
58.4%
47.Lynyrd Skynyrd
54.9%
31.Queen
54.8%
14.Cream
53.3%
9.The Doors
51.3%
50.Black Sabbath
49.8%
46.Sex Pistols
48%
24.Journey
45.1%
45.Rush
44.9%
23.Allman Brothers
43.8%
13.Boston
41.8%
34.Creedence Clearwater Revival
41.3%
43.KISS
39%
49.Grand Funk Railroad
38.7%
Rank Band % Correct
7.Grateful Dead
33.9%
28.The Kinks
33.7%
18.Santana
33.7%
27.Foreigner
33.3%
35. Deep Purple
32.6%
32.Crosby, Stills, Nash & Young
31.4%
33.Styx
30.5%
40. Yes
30.2%
22.Genesis
29.8%
42.Chicago
28.8%
21.ZZ Top
26.8%
37.Guess Who
25.6%
8.Jefferson Airplane
25.6%
10.Moody Blues
24.4%
44.Blondie
24.2%
36.Steve Miller Band
21.4%
25.Traffic
20.2%
26.Jethro Tull
19.1%
16.The Byrds
18.9%
41.Doobie Brothers
18.6%
29.Blue Oyster Cult
16.4%
39.Steppenwolf
15.1%
30. Buffalo Springfield
13.7%
19.Blood Sweat & Tears
3%
38.Dave Clark Five
2.6%
Remove Ads.
Support Sporcle.
Get the best of Sporcle when you Go Orange. This ad-free experience offers more features, more stats, and more fun while also helping to support Sporcle. Thank you for becoming a member.

You're not logged in!

Compare scores with friends on all Sporcle quizzes.
OR
Log In

Show Comments

Extras

Top Quizzes Today


Score Distribution

Your Account Isn't Verified!

In order to create a playlist on Sporcle, you need to verify the email address you used during registration. Go to your Sporcle Settings to finish the process.

Report this User

Report this user for behavior that violates our Community Guidelines.

Details: